000 00180nam a2200073Ia 4500
008 170523s9999 xx 000 0 und d
100 _aHingorani- Narain G.
245 0 _aUnderstanding Facts
260 _aWiley India
999 _c12052
_d12052